| 000 | 00408nam a2200157Ia 4500 | ||
|---|---|---|---|
| 008 | 210716s2003 xx 000 0 und d | ||
| 020 | _a8175564326 | ||
| 041 | _aeng | ||
| 082 | _a658.8 AGAP | ||
| 100 | _aAgarwal, P K. | ||
| 245 |
_aMarketing management: an Indian perspective. _bIndian perspective. |
||
| 250 | _a1 | ||
| 260 |
_aMeerui _bPragati Prakashan _c2003 |
||
| 300 | _a556 | ||
| 650 | _aMarketing | ||
| 999 |
_c197795 _d197795 |
||